Sentido metaforico literal de todos los lugares de la Sagrada Escritura, (Registro nro. 70560)

Detalles MARC
000 -ENCABEZADO
Número de control [NR] 02186nam a2200277Ia 4500
005 - FECHA Y HORA DE LA ÚLTIMA TRANSACCIÓN
control field 20170322150858.0
008 - DE LONGITUD FIJA DE DATOS DE ELEMENTOS - INFORMACIÓN GENERAL
Elementos de longitud fija [NR] 130821s1627 sp |||fr 1 spa d
040 ## - FUENTE DE CATALOGACION [NR]
Agencia de catalogación original [NR] Co-BoUCM
Idioma de catalogación [NR] spa
Quien Cataloga Sandra Yazo (modificó)
Quien Clasifica Sandra Yazo (modificó)
041 0# - CODIGO DE IDIOMA [R]
Código de idioma para texto/pista de sonido o título separado [R] Español
-- Latín
082 04 - NUMERO DE CLASIFICACION DECIMAL DEWEY [R]
Número de clasificación [R] 252
Número de la edición [NR] 20
092 ## - SIGNATURA TOPOGRAFICA LOCAL
Número de clasificación local E06N042
100 1# - ASIENTO PRINCIPAL--NOMBRE PERSONAL [NR]
Nombre personal [NR] Montoya, Lucas de
Títulos u otras palabras asociadas al nombre [R] (O. Mínimos)
ID Autoridad 84825
245 10 - MENCION DE TITULO [NR]
Título [NR] Sentido metaforico literal de todos los lugares de la Sagrada Escritura,
Parte restante del título [NR] adornado de varia erudicion, con tropologias predicables ...
Mención de responsabilidad, etc. [NR] por el Padre Fray Lucas de Montoya ...
260 ## - PUBLICACION, DISTRIBUCION, ETC. (PIE DE IMPRENTA) [R]
Lugar de publicación, distribución, etc. [R] Madrid (España)
Nombre del editor, distribuidor, etc. [R] por la viuda de Alonso Martin
Fecha de publicación, distribución, etc. [R] 1627
300 ## - DESCRIPCION FISICA [R]
Extensión [R] [10], 476, [18] folios
Dimensiones [R] 30 x 21 cm.
500 ## - NOTA GENERAL [R]
Nota general [NR] Detalles físicos: Encuadernación flexible en pergamino. Tapas y lomo con pergamino roto, arrugado y manchado, varas perforaciones. Ejemplar desencuadernado y en regular estado de conservación. Sin guardas. Portada impresa en una sola tinta con el emblema de la orden de los Mínimos. Dedicatoria, precedida por un escudo. Privilegio real. Tasación. Fe de erratas. Licencias y permisos. Prólogo. Prefacio. Texto impreso en dos columnas con varios tipos y tamaños de letra. Párrafos divididos en parágrafos. Apostillas marginales. Cenefas y remates. Mayúsculas capitales. Signaturas y reclamos. Última página del texto repite el emblema de la orden del autor. Papel manchado, con bordes irregulares y sobresalientes, deformación de plano. En portada varias anotaciones. Folio 475 lo marca como 472
506 ## - NOTA DE RESTRICCIONES DE ACCESO [R]
Condiciones de acceso [NR] Consulta en sala
520 ## - NOTA DE RESUMEN, ETC. [R]
Nota de sumario, etc. [NR] Se explican con comentarios aplicables a la predicación, los símbolos y metáforas que aparecen en los libros del Pentateuco
546 ## - NOTA DE IDIOMA [R]
Nota de idioma [NR] Texto en español antiguo y latín
630 #7 - ASIENTO SECUNDARIO DE MATERIA - TITULO UNIFORME [R]
Título uniforme [NR] Biblia A. T.
Subdivisión de forma [R] Comentarios
Subdivisión general [R] Obras anteriores a 1800
9 (RLIN) 40867
650 #7 - ASIENTO SECUNDARIO DE MATERIA - TERMINO TEMATICO [R]
Término temático o nombre geográfico como elemento de entrada [NR] Hermenéutica bíblica
Subdivisión general [R] Obras anteriores a 1800
9 (RLIN) 41080
650 #7 - ASIENTO SECUNDARIO DE MATERIA - TERMINO TEMATICO [R]
Término temático o nombre geográfico como elemento de entrada [NR] Sermones para el año eclesiástico
9 (RLIN) 24248
Subdivisión general [R] Obras anteriores a 1800
690 ## - ASUNTO AGREGADO LOCAL DE ENTRADA - TÉRMINO TEMÁTICO (OCLC, RLIN)
Acceso temático local Biblia
9 (RLIN) 69914
856 41 - LOCALIZACION Y ACCESO ELECTRONICOS [R]
Identificador Uniforme del Recurso (“URI”) [R] <a href="https://books.google.com.co/books?id=pZJU7krgKLgC&printsec=frontcover&source=gbs_ge_summary_r&cad=0#v=onepage&q&f=false">https://books.google.com.co/books?id=pZJU7krgKLgC&printsec=frontcover&source=gbs_ge_summary_r&cad=0#v=onepage&q&f=false</a>
Nota dirigida al público [R] Disponible en línea
942 ## - ELEMENTOS DE ENTRADA AGREGADOS (KOHA)
Tipo de ítem principal el descrito en 300a Libro
Tema principal 4
Edición 1
Sistema de clasificación LOCAL
Clasificación E06N042
Existencias
Suprimido Perdido Sistema de clasificación Dañado No prestable Tipo de ítem específico Ubicación habitual Ubicación actual Localización Fecha de creación Forma de adquisición Costo Total préstamos Signatura topográfica Código de barras Última vez visto Ejemplar Price effective from Tipo de ítem
    LOCAL     Libro archivo Archivo Histórico Archivo Histórico Archivo histórico 28/02/2013 Donación 0.00   E06N042 L001001 15/12/2012 Ej.1 03/02/2013 Libro